000
00336nam a2200133Ia 4500
008
240624s9999 xx 000 0 und d
041
_a
eng
082
_a
658.85 SUG
100
_a
SUGARS BRADLEY J
245
_a
INSTANT SALES
260
_c
2007
_a
New Delhi
_b
Tata McGraw- Hill
300
_a
xvii, : 157 : p. : cm. ; 22
365
_c
RS
_b
20
999
_c
16104
_d
16104